Country Quiz: Burundi 🇧🇮 - Statistics

General Stats
  • This quiz has been taken 13 times
  • The average score is 16 of 26
Answer Stats
Hint Answer % Correct
Between 1916-1960s, this country ruled Burundi until its independence Belgium
100%
Currency Franc
100%
French
100%
Time zones 1 (UTC+2)
91%
Biggest city and the Second Capital City Bujumbura
82%
Main Religion Christianity
82%
Bordering Countries Democratic Republic of the Congo
82%
Between 1885-1916, Burundi was ruled by this country Germany
82%
Capital and Second-biggest city Gitega
82%
Language Kirundi
82%
Rwanda
82%
Nationality Burundian
73%
1/44 Countries to lack access to any ocean, otherwise known as... Landlocked
73%
Independence 1962
64%
National Sport Football
64%
Main Lake Lake Tanganyika
64%
Tanzania
64%
Climate Tropical
55%
Main Export (goods) Gold
45%
Home to Gustave, a man-eating _________ responsible for killing hundreds of people. The _________ lives in Lake Tanganyika and is thought to be over 60 years old and has attacked hundreds of people between 1987 and 2009 Crocodile
36%
In Burundi, this physical and essential activity is banned Jogging
27%
State-Condition Republic
27%
This type of beer is common in Burundi Banana Beer
9%
Most Famous Leader (2005-2020) Pierre Nkurunziza
9%
National Animal Transvaal Lion
9%
Founding Father Mwambutsa IV
0%
No matching quizzes found
Score Distribution
Percent of People with Each Score
Percentile by Number Answered
Your Score History
You have not taken this quiz